LEADER 01003nam0-22003251i-450- 001 990000705670403321 005 20160418100838.0 010 $a88-7005-461-6 035 $a000070567 035 $aFED01000070567 035 $a(Aleph)000070567FED01 035 $a000070567 100 $a20020821d1980----km-y0itay50------ba 101 0 $aita 102 $aIT 105 $aa---b---001yy 200 1 $a<>Longhi$euna famiglia di architetti tra manierismo e barocco$fa cura di Luciano Patetta$fnota introduttiva di Giulio Carlo Argan$gsaggi di Amedeo Bellini 210 $aMilano$cClup$d1980 215 $a130 p.$cill.$d22 cm 300 $aCatalogo della Mostra tenuta a Viggiu e Roma nel 1980 676 $a724.1 702 1$aBellini,$bAmedeo$f<1940- > 702 1$aPatetta,$bLuciano$f<1935- > 801 0$aIT$bUNINA$gRICA$2UNIMARC 901 $aBK 912 $a990000705670403321 952 $aMON B 443$b14392$fFARBC 952 $aMON B 312$b12503$fFARBC 959 $aFARBC 997 $aUNINA LEADER 01182nam2-2200385li-450 001 990000194770203316 005 20240405133533.0 010 $a0-387-98212-4 035 $a0019477 035 $aUSA010019477 035 $a(ALEPH)000019477USA01 035 $a0019477 100 $a20001109d1997----km-y0itay0103----ba 101 0 $aeng 102 $aGW 200 1 $aRienmannian geometry$fPeter Petersen 210 $aBerlino$cSpringer-Verlag$dcopyr. 1997 215 $aXVI, 432 p.$cill.$d23 cm 225 2 $aGraduate texts in mathematics$v171 410 0$1001000315347$12001$aGraduate texts in mathematics$v171 606 1 $aGeometria riemanniana$2BNCF 676 $a516.373 700 1$aPETERSEN,$bPeter$061924 801 $aSistema bibliotecario di Ateneo dell' Università di Salerno$gRICA 912 $a990000194770203316 951 $a510 GTM 171$b0021367 CBS$c510$d00102142 959 $aBK 969 $aSCI 979 $c19980417 979 $c20001110$lUSA01$h1713 979 $aALANDI$b90$c20010628$lUSA01$h1605 979 $c20020403$lUSA01$h1627 979 $aPATRY$b90$c20040406$lUSA01$h1614 996 $aRienmannian geometry$91488821 997 $aUNISA